BASIC ORGANOMETALLIC CHEMISTRY (Record no. 15855)

MARC details
000 -LEADER
fixed length control field 00318nam a22001457a 4500
003 - CONTROL NUMBER IDENTIFIER
control field SGT
020 ## - INTERNATIONAL STANDARD BOOK NUMBER
International Standard Book Number 9788173718748
082 ## - DEWEY DECIMAL CLASSIFICATION NUMBER
Item number GUP
100 ## - MAIN ENTRY--PERSONAL NAME
Personal name GUPTA B.D
245 ## - TITLE STATEMENT
Title BASIC ORGANOMETALLIC CHEMISTRY
260 ## - PUBLICATION, DISTRIBUTION, ETC. (IMPRINT)
Name of publisher, distributor, etc UNIVERSITY PRESS
Year of Publication 2018
300 ## - PAGE DESCRIPTION
No. of Pages 513
650 ## - SUBJECT ADDED ENTRY--TOPICAL TERM
Topical term or geographic name as entry element PHYSICAL SCIENCE
942 ## - ADDED ENTRY ELEMENTS (KOHA)
Source of classification or shelving scheme Dewey Decimal Classification
Koha item type Books
942 ## - ADDED ENTRY ELEMENTS (KOHA)
-- 46
Holdings
Withdrawn status Lost status Source of classification or shelving scheme Damaged status Not for loan Collection code Home library Current library Shelving location Date acquired Cost, normal purchase price SGTU Bill Number Full call number Accession No. (Barcode) Date last seen Bill Date Koha item type Total Checkouts Total Renewals Date last borrowed
    Dewey Decimal Classification   Not For Loan SCIENCE SGT Science & Social Sciences Library SGT Science & Social Sciences Library Reference Book 28/08/2018 750.00 SGTU 10055 GUP PS4736 28/08/2018 28/08/2018 Books      
    Dewey Decimal Classification     SCIENCE SGT Science & Social Sciences Library SGT Science & Social Sciences Library Text Book 28/08/2018 750.00 SGTU 10055 GUP PS4737 14/11/2023 28/08/2018 Books 18 1 30/10/2023
    Dewey Decimal Classification     SCIENCE SGT Science & Social Sciences Library SGT Science & Social Sciences Library Text Book 28/08/2018 750.00 SGTU 10055 GUP PS4738 19/09/2023 28/08/2018 Books 8   01/09/2023
    Dewey Decimal Classification     SCIENCE SGT Science & Social Sciences Library SGT Science & Social Sciences Library Text Book 28/08/2018 750.00 SGTU 10055 GUP PS4739 30/11/2023 28/08/2018 Books 11   11/08/2023
    Dewey Decimal Classification     SCIENCE SGT Science & Social Sciences Library SGT Science & Social Sciences Library Text Book 28/08/2018 750.00 SGTU 10055 GUP PS4740 16/10/2023 28/08/2018 Books 16   28/09/2023